| 000 | 00999nam a2200253 a 4500 | ||
|---|---|---|---|
| 001 | 45360 | ||
| 003 | BD-RjUL | ||
| 005 | 20211209054012.0 | ||
| 008 | 160725s1981 bg a|||| b||| 00| 0 ben d | ||
| 020 | _c: Tk. 70.00 | ||
| 035 | _a(BD-RjUL)45478 | ||
| 040 |
_aBD-RjUL _bben _cBD-RjUL |
||
| 041 | _aben | ||
| 082 |
_223 _a025.1 _bALA 1981 |
||
| 100 | 1 |
_aআলী, মোহাম্মদ সা'দাত _9138893 |
|
| 245 | 1 | 0 |
_aআধুনিক গ্রন্থাগার পরিচালনা ও গবেষণা / _cমোহাম্মদ সা'দাত আলী |
| 250 | _a২য় সং. | ||
| 260 |
_aঢাকা : _bফাহিম ব্রাদার্স, _c১৯৮১ |
||
| 300 |
_a১২৮ পৃ. : _bচিত্র ; _c২১ সেমি. |
||
| 504 | _aবিবলিওগ্রাফি সংযুক্ত | ||
| 650 |
_aলাইব্রেরী প্রশাসন _9138894 |
||
| 650 |
_aLibrary administration _9125354 |
||
| 942 |
_2ddc _cBK |
||
| 999 |
_c45360 _d45360 |
||